000
00196nam a22000737a 4500
008
140617b xxu||||| |||| 00| 0 eng d
020
_c
Available
245
_a
Journal of Fluid Mechanics vol 710 Nov
_c
Worster
999
_c
24615
_d
24615